000 00271 a2200133 4500
001 194841
040 _cMagnum
100 _aMacedo, Joaquim Manuel
240 1 0 _aA moreninha
_lpor
245 1 0 _aA moreninha
300 _a100
697 _aLITERATURA GERAL
942 _cBK
999 _c194841
_d194841